My Favorite Things - Lyrics - Statistics

General Stats
  • This quiz has been taken 297 times
  • The average score is 11 of 14
Answer Stats
Answer % Correct
These are a {few} of my favorite things
98%
And then I don't feel so {bad}
91%
Brown paper packages tied up with {strings}
90%
I simply {remember} my favorite things
90%
When I'm {feeling} sad
89%
Raindrops on {roses} and whiskers on kittens
88%
When the dog {bites}, when the bee stings
86%
Snowflakes that stay on my nose and {eyelashes}
84%
Bright {copper} kettles and warm woollen mittens
77%
Girls in white dresses with {blue} satin sashes
75%
Doorbells and sleigh bells and {schnitzel} with noodles
58%
Wild {geese} that fly with the moon on their wings
58%
Cream colored {ponies} and crisp apple strudels
51%
{Silver} white winters that melt into springs
41%
No matching quizzes found
Score Distribution
Percent of People with Each Score
Percentile by Number Answered
Your Score History
You have not taken this quiz